| 000 | 00663nam a2200181Ia 4500 | ||
|---|---|---|---|
| 008 | 151202s9999||||xx |||||||||||||| ||und|| | ||
| 082 | _bPNVM-45266 | ||
| 100 | _aनागपुरकर पद्माकर. | ||
| 245 | _aवृद्धत्व-देशोदेशी. | ||
| 260 | _bग्रंथाली ज्ञानयज्ञ. | ||
| 260 | _c2003 | ||
| 300 | _a75 | ||
| 600 | _aनागपुरकर पद्माकर. | ||
| 630 | _aवृद्धत्व-देशोदेशी. | ||
| 700 | _aनागपुरकर पद्माकर. | ||
| 730 | _aवृद्धत्व-देशोदेशी. | ||
| 942 | _cBOOK | ||
| 999 |
_c1311217 _d1311214 |
||